Groth, Andrzej, 1939-. Warenumschlag am Frischen Haff. - Köln [u.a.] : Böhlau. - 2009 [Rezension]

Titel: Groth, Andrzej, 1939-. Warenumschlag am Frischen Haff. - Köln [u.a.] : Böhlau. - 2009 [Rezension]
Verfasser:
In: Vierteljahrschrift für Sozial- und Wirtschaftsgeschichte, Band 97, Heft 1 (2010), Seite 119-120
alle Artikel anzeigen
Veröffentlicht: 2010
Format: Aufsatz
Sprache: Deutsch
Kein Bild verfügbar
X
alg: 39514570
001A    $01999:12-11-16 
001B    $01999:09-08-21 $t17:40:59.000 
001D    $01999:12-11-16 
001U    $0utf8 
001X    $00 
002@    $0Aox 
003@    $0395145708 
007A    $0395145708 $aHEB 
007T    $0Herdc0062787m 
010@    $ager 
011@    $a2010 
021A    $aGroth, Andrzej, 1939-. Warenumschlag am Frischen Haff. - Köln {[u.a.] : Böhlau. -  2009 [Rezension] 
028A    $#Denzel, Markus $#Denzel, M. A. $7171061411 $8Denzel, Markus A.$Z1967- [Tp1] $9281623279 
031A    $d97 $e1 $h119-120 $j2010 
039B    $aIn $8--Abvc--. Vierteljahrschrift für Sozial- und Wirtschaftsgeschichte. - Stuttgart : Steiner, 1903-. - ISSN 0042-5699 $x201000000970001881 $9047251867 
039T    $8--Aau--Groth, Andrzej$Z1939- [Tp3]. Warenumschlag am Frischen Haff. - Köln {[u.a.] : Böhlau, 2009. - VI, 382 S.. - ISBN 978-3-412-20317-7 $9212539299 
045F    $a900.94382 $eDDC23BSB 
045F/01 $a900 
045F/03 $g4382 
045F/03 $g43832 

lok: 39514570 78

exp: 39514570 78 1 #EPN
201B/01 $018-11-16 $t13:53:03.000 
201U/01 $0utf8 
203@/01 $0791444430 
208@/01 $a12-11-16 $be 
209A/01 $a/ $f000 $x00 
220C/01 $aTitelaufnehmer: pg 
220C/01 $aHerkunft: HI Marburg 
244Z/01 $2Trx $#Prusy Wschodnie i Zachodnie $8--Trx--Ost- und Westpreußen $x01 $939113373X 
244Z/01 $2Trx $#arvustused $#recenzijos $#Reviews $#recenziók $#recenzje $#recenzie $#recenze $8--Trx--Rezensionen $x02 $9391357441 
247C/01 $82080>Marburg/Lahn, Herder-Institut, Forschungsbibliothek, Bibliographieportal $9336309341
LEADER 00000caa a22000002c 4500
001 395145708
003 DE-603
005 20210809174059.0
007 tu
008 161112s2010 xx |||| | u00||u|ger c
035 |a (DE-599)HEB395145708 
040 |a DE-603  |b ger  |c DE-603  |d DE-603 
041 |a ger 
082 0 4 |8 1\u  |a 900.94382  |q DE-101  |2 23/BSB 
085 |8 1\u  |b 900 
085 |8 1\u  |z 2  |s 4382 
085 |8 1\u  |z 2  |s 43832 
100 1 |a Denzel, Markus A.  |d 1967-  |0 (DE-603)281623279  |0 (DE-588)171061411  |2 gnd 
245 0 0 |a Groth, Andrzej, 1939-. Warenumschlag am Frischen Haff. - Köln ˜[u.a.] œ: Böhlau. - 2009 [Rezension] 
264 0 |c 2010 
773 0 8 |i In  |t Vierteljahrschrift für Sozial- und Wirtschaftsgeschichte  |d Stuttgart : Steiner, 1903-  |x 0042-5699  |g Band 97, Heft 1 (2010), Seite 119-120  |w (DE-603)047251867  |w (DE-600)200400-8 
787 0 8 |i Rezension von  |a Groth, Andrzej, 1939-  |t Warenumschlag am Frischen Haff  |d Köln ˜[u.a.] œ: Böhlau, 2009  |h VI, 382 S.  |z 9783412203177  |w (DE-603)212539299 
924 0 |9 2080  |a (DE-603)791444430  |b DE-2080  |c HES  |d d  |g /